Welcome to the Holygrace Academy Library

Please use search bar below to get started

MATHEMATICS TEXT BOOK (Record no. 6971)

MARC details
000 -LEADER
fixed length control field 00261nam a22001217a 4500
020 ## - INTERNATIONAL STANDARD BOOK NUMBER
ISBN 81-7450-669-1
082 ## - DEWEY DECIMAL CLASSIFICATION NUMBER
Classification number 510
Item number NCE/M
245 ## - TITLE STATEMENT
Title MATHEMATICS TEXT BOOK
260 ## - PUBLICATION, DISTRIBUTION, ETC. (IMPRINT)
Place of publication DELHI
Name of publisher NCERT
300 ## - PHYSICAL DESCRIPTION
Number of Pages 312
650 ## - SUBJECT ADDED ENTRY--TOPICAL TERM
Topical Term MATHEMATICS TEXT BOK
Geographic subdivision DELHI
942 ## - ADDED ENTRY ELEMENTS (KOHA)
Koha item type Books
Holdings
Withdrawn status Lost status Collection code Home library Current library Shelving location Date acquired Source of acquisition Full call number Accession Number Koha item type
    Reference Main Library Main Library NEW SHELF WITH NEW ENTRY 27/09/2023 PURCHASE 510 NCE/M 12891 Books